000
00324nam a22001337a 4500
008
181221b xxu||||| |||| 00| 0 eng d
020
_a
217156854300199500000000
041
_a
eng
080
_a
371
100
_a
46
101
_a
EDU
245
_a
How to write successful fundraising letters
_c
Warwick, M
942
_2
udc
_c
BK
999
_c
53677
_d
53677